| 000 | 00719nam a2200265Ia 4500 | ||
|---|---|---|---|
| 005 | 20260302115658.0 | ||
| 008 | 008 260114s9999 xx 000 0 eng d | ||
| 020 | _a9781350145344 | ||
| 037 | _aTextbook | ||
| 040 | _aCRL | ||
| 040 | _beng | ||
| 040 | _cCRL | ||
| 041 | _2eng | ||
| 041 | _aeng | ||
| 084 | _qCRL | ||
| 100 |
_aHolly Henderson _91122318 |
||
| 245 | 0 | _aNon-University Higher Education Geographies of Place, Possibility and Inequality | |
| 260 | _bBloomsbury | ||
| 260 | _bBloomsbury Academic | ||
| 260 | _c2020 | ||
| 650 | _aEducation | ||
| 856 | _uhttps://dx.doi.org/10.5040/9781350145344?locatt=label:secondary_bloomsburyCollections | ||
| 942 | _cEBOOK | ||
| 999 |
_c1687093 _d1687093 |
||